000 00635nam a2200241Ia 4500
003 OSt
005 20221005120635.0
006 a|||||r|||| 00| 0
007 ta
008 221004b |||||||| |||| 00| 0 mal d
024 _a58464
037 _cTextual
040 _aCRL
_cCRL
_bmal
041 _2mal
_amal
082 _aU8.3124.N5, 32J6
100 _aPillai K. Raghavan Au.
_9558398
245 0 _aEnte london jeevitham
260 _c1956
650 _a MALAYALAM LITERATURE
_938866
650 _aGEOGRAPHY
942 _hU8.3124.N5, 32J6
_cTEXL
_2cc
999 _c1038651
_d1038651